000 00468ntaaa2200169 4500
003 01
005 20251027201610.0
008 0714s1973 ag 01
020 _a9509074640
040 _aAR-BaBN
_bspa
_cAR-BaBN
_eaacr
_dRIC
082 _a922.6820 En8e
245 _aEnvía ahora hombres
250 _a1 ed.
260 _aBuenos Aires :
_bAsociación Bautista Argentina de Publicaciones,
_c1987
300 _a146 p. ;
_cil.; 17,5 cm
650 _aBautistas-Argentina
_94592
999 _c10606
_d10606